New Dimensions on Human Resource Development (Record no. 307441)

MARC details
000 -LEADER
fixed length control field 00314pam a2200109a 44500
008 - FIXED-LENGTH DATA ELEMENTS--GENERAL INFORMATION
fixed length control field 230405s2008 xxu||||| |||| 00| 0 eng d
041 ## - LANGUAGE CODE
Language code of text/sound track or separate title ENG
100 ## - MAIN ENTRY--PERSONAL NAME
Personal name Tiwari & Ms Anuja Thakkaar
245 ## - TITLE STATEMENT
Title New Dimensions on Human Resource Development
260 ## - PUBLICATION, DISTRIBUTION, ETC.
Place of publication, distribution, etc.
Name of publisher, distributor, etc. Wisdom Publication C-14 D.S.I.D.C
Date of publication, distribution, etc. 2008
906 ## - LOCAL DATA ELEMENT F, LDF (RLIN)
a 16942
Holdings
Withdrawn status Lost status Damaged status Not for loan Collection Home library Current library Shelving location Date acquired Source of acquisition Cost, normal purchase price Total Checkouts Barcode Date last seen Price effective from Koha item type
          Matoshri Bayabai Shripatrao Kadam Kanya Mahavidyalaya, Kadegaon, Sangli Matoshri Bayabai Shripatrao Kadam Kanya Mahavidyalaya, Kadegaon, Sangli   07/07/2012 Universal Book stall 360.00   KVK-MRP00525 18/04/2023 18/04/2023 Book